000 00704nam a2200217Ia 4500
005 20230214101209.0
008 210716s2004 xx 000 0 und d
020 _a8129702924
040 _cAIMIT LIBRARY
041 _aeng
082 _a004.65
_21
_bSTAW
100 _aStallings, William.
_972183
245 _aComputer networking with internet protocols and technology /
_cBy William Stallings
250 _a1st ed.
260 _aNew Delhi :
_bPearson Education ,
_c2004.
300 _axiv,642p. ;
_c24 cm.
650 _aData networks and the unternet
_972184
650 _aQuality of service in ip networks
_972185
650 _aNetwork and link layers
_972186
942 _2ddc
_cBK
_e1
_k004.65 STAW
999 _c186112
_d186112